Online Catalogue and eLibrary

Global gender issues (Record no. 1910)

MARC details
000 -LEADER
fixed length control field 00407nam a2200169Ia 4500
005 - DATE AND TIME OF LATEST TRANSACTION
control field 20240605062155.0
008 - FIXED-LENGTH DATA ELEMENTS--GENERAL INFORMATION
fixed length control field 240331s9999 xx 000 0 und d
020 ## - INTERNATIONAL STANDARD BOOK NUMBER
ISBN 0813313104
082 ## - DDC Classification
Item Number - Author Mark PET
Class No. 1894
100 ## - MAIN ENTRY--PERSONAL NAME
Personal name Peterson, S
245 #0 - TITLE STATEMENT
Title Global gender issues
260 ## - PUBLICATION, DISTRIBUTION, ETC.
Place of publication, distribution, etc. USA
Name of publisher, distributor, etc. Westview Press
Date of publication, distribution, etc. 1993
300 ## - PHYSICAL DESCRIPTION
Extent (e.g. Volumes, Pages etc.) xiv,202 p.,
650 ## - SUBJECT ADDED ENTRY--TOPICAL TERM
Topical term or geographic name entry element Women in Politics
650 ## - SUBJECT ADDED ENTRY--TOPICAL TERM
Topical term or geographic name entry element World Politics
942 ## - Koha item type (Biblio)
Koha item type Books in Stacks (Lending)
Holdings
Lost status Damaged status Collection code Home library Current library Shelving location Date acquired Full call number Accession Number Item type
    Lending WERC Library WERC Library Social Science Cupboard 03/31/2024 305.42 PET 1894 Books in Stacks (Lending)

© WERC Library